00730nam a2200241 a 450000100060000000300080000600500170001400800410003102000150007203500190008704000370010604100080014308200200015110000210017124500620019226000600025430000260031450400190034065000430035965000180040265100330042065100350045334834BD-RjUL20211209052223.0140519r19771976nyu b 001 0 eng d a0444990208 a(BD-RjUL)34928 aDLCcDLCdOCLdm.cdBD-RjULbeng aeng04a309.1bJAS 19771 aJanowitz, Morris10aSocial control of the welfare state /cby Morris Janowitz aNew York ;aLondon :bElsevier,cc1976 [printing 1977]. axxii, 170 p. ;c22 cm aIncludes index 0aPolitical participationzUnited States 0aWelfare state 0aUnited StatesxSocial policy 0aUnited StatesxEconomic policy